Parenting made easy: (Record no. 60352)

MARC details
000 -LEADER
fixed length control field 00459nam a2200157 4500
005 - DATE AND TIME OF LATEST TRANSACTION
control field 20260414133539.0
008 - FIXED-LENGTH DATA ELEMENTS--GENERAL INFORMATION
fixed length control field 260414b |||||||| |||| 00| 0 eng d
050 ## - LIBRARY OF CONGRESS CALL NUMBER
Classification number HQ755
Item number .M84 2025
100 ## - MAIN ENTRY--PERSONAL NAME
Personal name Muhanguzi, Ann Fiona
245 ## - TITLE STATEMENT
Title Parenting made easy:
Remainder of title what every parent should know/
260 ## - PUBLICATION, DISTRIBUTION, ETC. (IMPRINT)
Place of publication, distribution, etc Uganda:
Name of publisher, distributor, etc Ann Fion Muhanguzi, MD,
Date of publication, distribution, etc 2025
300 ## - PHYSICAL DESCRIPTION
Extent viii,133 p.:
Dimensions 23 cm
650 ## - SUBJECT ADDED ENTRY--TOPICAL TERM
Topical term or geographic name as entry element Parent and child.
650 ## - SUBJECT ADDED ENTRY--TOPICAL TERM
Topical term or geographic name as entry element Parent and child.
942 ## - ADDED ENTRY ELEMENTS (KOHA)
Source of classification or shelving scheme Library of Congress Classification
Item type Book
Holdings
Withdrawn status Lost status Source of classification or shelving scheme Damaged status Not for loan Collection code Home library Current library Shelving location Date acquired Source of acquisition Total Checkouts Full call number Barcode Date last seen Copy number Price effective from Koha item type
    Library of Congress Classification   Not For Loan Non-fiction Bishop Okullu Memorial Library (Limuru Campus) Bishop Okullu Memorial Library (Limuru Campus) Processing Center 14/04/2026 donation   HQ755 .M84 2025 073321 14/04/2026 1 14/04/2026 Book